V semifinále: Šaľa-Nitra, Banská Bystrica-Inter Extraliga hádzanárok: 20. kolo (skupina o 1.-4. miesto) a 19. kolo (skupina o 5.-8. miesto)

Bibliographic Details
Format: Article
Language:Slovak
PhysicalDescription:Fotogr.
Subjects:

MARC

LEADER 00000nab a2200000 a 4500
001 vtls000683492
003 SK-MaSNL
005 20260302181052.0
008 180206c1999 xo 0 slo
015 |a SNBRB1999/03-06032 
035 |a CLN000035659 
040 |a SNKBUCL  |b slo  |c SNKBUCL  |e AACR2 
041 0 |a slo 
044 |a xo  |c SK 
080 |a 796.322.093.1  |2 UDC-MRF-SK2 
245 0 0 |a V semifinále: Šaľa-Nitra, Banská Bystrica-Inter  |b Extraliga hádzanárok: 20. kolo (skupina o 1.-4. miesto) a 19. kolo (skupina o 5.-8. miesto) 
300 |b Fotogr. 
650 0 7 |a hádzaná  |x ženy  |x Extraliga  |y sezóna 1998/1999  |x kolo 19. a 20.  |2 snkbucl  |9 891130 
655 7 |a články z novín a časopisov  |2 snkbucl  |9 267496 
773 0 |t Šport  |g Roč. 53, č. 55 (8.3.1999), s. 18 
850 |a Slovenská národná knižnica v Martine 
852 |a SNK  |b KIS3GCP 
958 |a RBX 
999 |c 1412821  |d 1414751